Edward of Kent : the life story of Queen Victoria's father /

Na minha lista:
Detalhes bibliográficos
Autor principal: Duff, David, 1912-
Formato: Livro
Idioma:English
Publicado em: London : Muller, 1973.
Assuntos:
LEADER 01237nam a2200325 a 4500
001 c000138089
003 CARM
005 19980105000000.0
008 741023r19731938enkabcf b 001 0beng
010 |a 74185835 //r97 
015 |a GB74-11321 
019 1 |a 344850  |z 47026413  |5 LACONCORD2021 
020 |a 0584100736 :  |c L.3.75 
035 |a (OCoLC)1104539  |5 LACONCORD2021 
040 |a LC  |b eng  |c LC  |d LC 
050 0 0 |a DA506.A6  |b D8 1973 
082 0 0 |a B 
082 0 0 |a 942.07/3/0924 
100 1 |a Duff, David,  |d 1912- 
245 1 0 |a Edward of Kent :  |b the life story of Queen Victoria's father /  |c [by] David Duff. 
260 |a London :  |b Muller,  |c 1973. 
300 |a 5-324 p., [15] leaves of plates :  |b ill., geneal. table, maps, ports. ;  |c 26 cm. 
500 |a Reprint of the 1938 ed. published by S. Paul & Co., London. 
500 |a Includes index. 
504 |a Bibliography: p. 311-314 
600 0 0 |a Edward Augustus,  |c Duke of Kent,  |d 1767-1820. 
650 0 |a Nobility  |z Great Britain  |x Biography. 
852 8 |b CARM  |h A2:AF25B0  |i B01323  |p 0062383  |f BK 
999 f f |i b21ec960-8d96-5adf-8b54-b6d3e5a5e13d  |s ad4b3d16-834f-5919-b63b-612a257612d8 
952 f f |p Can circulate  |a CAVAL  |b CAVAL  |c CAVAL  |d CARM 1 Store  |e B01323  |f A2:AF25B0  |h Other scheme  |i book  |m 0062383